000 00492nam a22001817a 4500
005 20251108172555.0
008 250721s9999 xx 000 0 eng d
082 1 4 _a962RES
100 1 _aBacharch, Jere L
_eeditor
245 1 4 _aThe restoration and conservation of Islamic monuments in Egypt /
264 1 _aCairo :
_bThe American University,
300 _a194p
650 1 7 _aEgyptian History
650 1 7 _aIslamic Antiquities
650 1 7 _aEgypt
942 _2ddc
_cBK
999 _c82932
_d82932